Del teatro al cine y a la televisión en la segunda mitad del siglo XX (Record no. 42593)
[ view plain ]
| 000 -LEADER | |
|---|---|
| campo de control de longitud fija | 01487nam a2200289 i 4500 |
| 001 - NÚMERO DE CONTROL | |
| campo de control | 42593 |
| 003 - IDENTIFICADOR DE NÚMERO DE CONTROL | |
| campo de control | ES-MaACL |
| 005 - FECHA Y HORA DE LA ÚLTIMA TRANSACCIÓN | |
| campo de control | 20250828101804.0 |
| 007 - CAMPO FIJO DE DESCRIPCIÓN FÍSICA--INFORMACIÓN GENERAL | |
| campo de control de longitud fija | t| |
| 008 - DATOS DE LONGITUD FIJA--INFORMACIÓN GENERAL | |
| campo de control de longitud fija | 030407s2002 sp ||||1| spa d |
| 020 ## - NÚMERO INTERNACIONAL ESTÁNDAR DEL LIBRO | |
| Número Internacional Estándar del Libro | 84-7522-860-7 |
| 080 ## - NÚMERO DE LA CLASIFICACIÓN DECIMAL UNIVERSAL | |
| Número de la Clasificación Decimal Universal | 82-2:791.43(063) |
| 080 ## - NÚMERO DE LA CLASIFICACIÓN DECIMAL UNIVERSAL | |
| Número de la Clasificación Decimal Universal | 729.2.097(063) |
| 110 2# - ENTRADA PRINCIPAL--NOMBRE DE ENTIDAD CORPORATIVA | |
| Nombre de entidad corporativa o nombre de jurisdicción como elemento de entrada | Universidad Nacional de Educación a Distancia (España). |
| Unidad subordinada | Instituto de Semiótica Literaria, Teatral y Nuevas Tecnologías. |
| -- | Seminario Internacional |
| Número del congreso/reunión o número de parte o sección | (11º. |
| Fecha del congreso o de la firma del tratado | 2001. |
| Sede del congreso/Lugar de la reunión | Madrid) |
| 9 (RLIN) | 7421 |
| 245 10 - MENCIÓN DEL TÍTULO | |
| Título | Del teatro al cine y a la televisión en la segunda mitad del siglo XX |
| Resto del título | : actas del XI Seminario Internacional del Instituto de Semiótica Literaria, Teatral y Nuevas Tecnologías de la UNED, Madrid, Casa de América, 27-29 de junio de 2001 / |
| Mención de responsabilidad, etc. | José Romera Castillo (ed.) con la colaboración de Francisco Gutiérrez Carbajo y Dolores Romero López. |
| 260 ## - PUBLICACIÓN, DISTRIBUCIÓN, ETC. | |
| Lugar de publicación, distribución, etc. | Madrid : |
| Nombre del editor, distribuidor, etc. | Visor Libros, |
| Fecha de publicación, distribución, etc. | 2002. |
| 300 ## - DESCRIPCIÓN FÍSICA | |
| Extensión | 625 p. ; |
| Dimensiones | 21 cm. |
| 490 1# - MENCIÓN DE SERIE | |
| Mención de serie | Biblioteca de filología hispana ; |
| Designación de volumen o secuencia | 60 |
| 650 #4 - PUNTO DE ACCESO ADICIONAL DE MATERIA--TÉRMINO DE MATERIA | |
| Término de materia o nombre geográfico como elemento de entrada | Teatro (Género literario)- |
| Subdivisión general | Adaptaciones cinematográficas- |
| Subdivisión de forma | Congresos y asambleas. |
| 9 (RLIN) | 17363 |
| 650 14 - PUNTO DE ACCESO ADICIONAL DE MATERIA--TÉRMINO DE MATERIA | |
| Término de materia o nombre geográfico como elemento de entrada | Televisión- |
| Subdivisión general | Programas dramáticos- |
| Subdivisión de forma | Congresos y asambleas. |
| 9 (RLIN) | 17448 |
| 700 1# - ENTRADA AGREGADA--NOMBRE PERSONAL | |
| Nombre de persona | Romera Castillo, José, |
| Fechas asociadas al nombre | 1946- |
| 9 (RLIN) | 99292 |
| 700 1# - ENTRADA AGREGADA--NOMBRE PERSONAL | |
| Nombre de persona | Gutiérrez Carbajo, Francisco. |
| 9 (RLIN) | 61103 |
| 700 1# - ENTRADA AGREGADA--NOMBRE PERSONAL | |
| Nombre de persona | Romero López, Maria Dolores. |
| 9 (RLIN) | 99405 |
| 830 1# - PUNTO DE ACCESO ADICIONAL DE SERIE-TÍTULO UNIFORME | |
| Título uniforme | Biblioteca de filología hispana ; |
| Designación de volumen o secuencia | 60 |
| 9 (RLIN) | 229832 |
| 852 ## - LOCALIZACIÓN | |
| Ubicación | ES-MaACL |
| Número de control de estantería | L-26215 |
| Estatus retirado | Estado de pérdida | Estado de daño | No para préstamo | Biblioteca de origen | Biblioteca actual | Ubicación en estantería | Fecha de adquisición | Fuente de adquisición | Total de préstamos | Signatura topográfica completa | Código de barras | Visto por última vez | Precio de reemplazo | Tipo de ítem Koha |
|---|---|---|---|---|---|---|---|---|---|---|---|---|---|---|
| Biblioteca del Ateneo de Madrid | Biblioteca del Ateneo de Madrid | Depósito 2 | 17/01/2008 | L-26215 | 1044837 | 23/02/2023 | 23/02/2023 | Libro impreso |
